00352nam a2200109Ia 4500008004000000041000800040082001100048100003700059245009000096260004900186300000700235210210b1918 xxu||||| |||| 00| 0 eng d aeng a060/14 aGOVERNMENT CENTRAL BRANCH PRESS. aReport of the conference of provincial secretaries to advisory committees. July 1917. aSimlabGovernment Central Branch Pressc1918 a10